000 00520cam a22001335a 4500
008 250702s2000 xxk f 000 0 eng d
110 2 _aRoyal Institution of Chartered Surveyors
_bRICS Professional Regulation and Consumer Protection department
_95333
245 0 0 _aProfessional ethics guidance notes: Part 2 case studies
260 _aLondon,
_bRICS,
_c2000
300 _a15p.
_c30cm.
651 4 _aUnited Kingdom
690 _aMANAGEMENT-BUSINESS MANAGEMENT-PROFESSIONAL PRACTICE-PROFESSIONAL ETHICS
942 _n0
_2ddc
999 _c122190
_d122190